| 000 | 00869cad a22002055a 4500 | ||
|---|---|---|---|
| 001 | E154934 | ||
| 008 | 120206s2012 xxk f s000 0 eng d | ||
| 020 | _a9781780456409 | ||
| 035 | _a(Sirsi) u154934 | ||
| 041 | 0 | _aeng | |
| 110 | 2 |
_aScotland _bScottish Government _95344 |
|
| 245 | 0 | 0 |
_aScotland the hydro nation _bprospectus and proposals for legislation _h[electronic resource] |
| 260 |
_aEdinburgh _bScottish Government _c2012 |
||
| 520 | _aSeeks views on the content of the proposed Water Resources Bill, including: hydro nation duty; Scottish Water; modernising the legislative framework. Deadline for comments is 12 March 2012. | ||
| 590 | _aKA | ||
| 651 | 4 |
_aScotland _y1999- |
|
| 690 |
_aEnergy _96237 |
||
| 856 | 4 | 0 |
_uhttps://www.scotland.gov.uk/Publications/2012/02/9536/downloads _zView the consultation free of charge at www.scotland.gov.uk |
| 942 | _n0 | ||
| 999 |
_c113245 _d113245 |
||